[Event "FIDE-Wch k.o."]
[Site "Groningen"]
[Date "1997.12.10"]
[Round "1.6"]
[White "Luther, Thomas"]
[Black "Portisch, Lajos"]
[Result "1-0"]
[WhiteElo "2525"]
[BlackElo "2610"]
[Annotator "Mikhalevski,V"]
[PlyCount "133"]
[EventDate "1997.12.09"]
[EventType "k.o."]
[EventRounds "7"]
[EventCountry "NED"]
[SourceTitle "CBM 063"]
[Source "ChessBase"]
[SourceDate "1998.03.26"]
[SourceVersion "1"]
[SourceVersionDate "1998.03.26"]
[SourceQuality "1"]

1. e4 {Hecht} e5 2. Nf3 Nc6 3. d4 exd4 4. Nxd4 Bc5 5. Nxc6 Qf6 6. Qd2 dxc6 7.
Bd3 (7. Nc3) 7... Be6 8. O-O (8. Nc3) 8... Qe7 $146 (8... O-O-O 9. Qe2 (9. Qg5
Qxg5 (9... h6 10. Qxf6 Nxf6 $11) 10. Bxg5 f6 11. Bd2 (11. Bc1 Ne7 12. Kh1 Rd7
13. Nd2 Rhd8 14. f4 f5 15. b3 Bd4 16. Rb1 Bc3 17. exf5 Bxf5 18. Ne4 Bd4 19. Ba3
g6 20. h3 Nd5 21. g4 Bxe4+ 22. Bxe4 Re8 23. Bxd5 cxd5 24. Rbd1 Re4 25. Rd3 c6
26. c3 Be3 27. f5 Rf7 28. Rf3 Bg5 29. fxg6 Rxf3 30. Rxf3 hxg6 31. Kg2 Bd2 32.
Bc5 b6 33. Bd4 c5 34. Bf2 d4 35. cxd4 cxd4 {Ristic,N-Savanovic,A/JUG-chT 1995/
1-0 (51)}) 11... h5 (11... Ne7 12. Kh1 g5 13. f4 gxf4 14. Bc3 Rhf8 15. Rxf4 f5
16. Nd2 Be3 17. Rff1 Bxd2 18. Bxd2 fxe4 19. Rxf8 Rxf8 20. Bxe4 Bd5 21. Bxd5
cxd5 22. Kg1 Kd7 23. Rf1 Rxf1+ 24. Kxf1 h5 25. Kf2 Ke6 26. Kf3 Kf5 27. h3 Ng6
28. g4+ hxg4+ 29. hxg4+ Ke5 30. Be1 c5 31. Bg3+ Ke6 32. Bb8 a6 33. Ba7 Ne5+ 34.
Kf4 Nd7 35. Kg5 b6 36. Kh6 d4 37. b3 {1-0 Servat,R-Bronstein,L/ARG-ch sf 1991})
(11... Bd4 12. Nc3 (12. Bc3 c5 13. Nd2 Ne7 14. Bxd4 cxd4 15. f4 c5 16. a3 a5
17. b4 axb4 18. axb4 cxb4 19. Rfb1 Nc6 20. Bb5 Bd7 21. Bxc6 Bxc6 22. Rxb4 Kc7
23. Rab1 Rhe8 24. Rc4 d3 25. c3 f5 26. Kf2 fxe4 27. Ke3 Ra8 28. Rcb4 Ra2 29.
R4b2 Rea8 30. Rxa2 Rxa2 31. c4 Kd7 32. f5 Ke7 33. g4 Kf7 34. Rf1 Ra8 35. h4 h6
36. Rf4 Re8 {Chernyshov,K-Gyimesi,Z/Zalakaros op 1994/1/2-1/2 (60)}) 12... Ne7
13. Rad1 Ng6 14. b3 Ne5 15. Be2 Rd7 16. h3 g5 17. Bh5 g4 18. Kh2 Rg8 19. Ne2
Bb6 20. Nf4 Bf7 21. Bxf7 Rxf7 22. Kh1 Rd7 23. Bc3 Rxd1 24. Rxd1 Bxf2 25. Bxe5
fxe5 26. Nd3 Bd4 27. Rf1 Kd7 28. Rf7+ Ke6 29. Rxh7 g3 30. Rh6+ Ke7 31. Rh7+ Ke6
32. Rh6+ Ke7 33. Rh7+ Ke8 34. Ne1 Rf8 35. Nf3 Rf4 36. Rg7 {Candela Perez,
J-Perez Pardo,J/ESP-ch 1993/0-1 (92)}) 12. Nc3 Nh6 13. Rad1 Ng4 14. b3 (14. h3
Ne5 15. Be2 b5 16. b3 g5 17. Kh2 g4 18. h4 g3+ 19. Kxg3 Bd6 20. f4 Ng4 21. e5
fxe5 22. f5 Bd5 23. Nxd5 cxd5 24. Bg5 e4+ 25. Kh3 e3 26. Rxd5 Nf2+ 27. Rxf2
exf2 28. Bxd8 Re8 29. Bxb5 Re3+ 30. g3 Rxg3+ 31. Kh2 Rd3+ 32. Rxd6 f1=N+ 33.
Kg1 Rxd6 34. Bg5 Ng3 35. Bd3 Kd7 36. Kf2 Rxd3 37. cxd3 Nxf5 38. Kf3 Ke6 {
Typek,K-Borkowski,F/POL-chT 1991/1-0 (61)}) 14... a6 15. Na4 $14 Ba7 16. Bb4
Ne5 17. Be2 Bg4 18. Bxg4+ Nxg4 19. Bc5 b6 20. Ba3 Rhe8 21. h3 Ne5 22. Rfe1 Rxd1
23. Rxd1 Nd7 24. Nc3 b5 25. Re1 f5 26. Re2 Re5 27. exf5 Rxf5 28. Ne4 Rd5 29.
Kf1 g5 30. Bc1 g4 31. h4 Nc5 32. Nf6 Rf5 33. Bg5 a5 34. Nxh5 Nd7 35. Ng3 Rd5
36. Ne4 Nf8 37. Nf6 Rd1+ 38. Re1 Rxe1+ 39. Kxe1 Bd4 {1-0 Pandavos,E-Dominguez,
J/Thessaloniki olm 1988}) (9. Nc3 Bd4 (9... h5 10. Na4 Bd4 11. c3 Bb6 12. Nxb6+
axb6 13. Qe3 Nh6 14. f3 Qe5 15. Be2 f5 16. a4 fxe4 17. Qxe4 Ng4 18. Qxe5 Nxe5
19. f4 Bg4 20. fxe5 Bxe2 21. Re1 Rd1 22. Rxd1 Bxd1 23. e6 Re8 24. Bg5 Bb3 25.
e7 Kd7 26. Ra3 Bd5 27. b3 b5 28. axb5 cxb5 29. b4 b6 30. Ra1 Rxe7 31. Bxe7 Kxe7
32. Re1+ Kd6 33. h4 c5 34. Kf2 Bc6 35. Rd1+ Ke5 36. Ke3 g6 37. g3 Bd5 38. Rd2
Bb3 39. Rd8 Kf5 40. Rd6 cxb4 41. cxb4 Bc4 42. Rxb6 g5 43. hxg5 Kxg5 44. Rc6 {
1-0 Ovetchkin,R-Koniushkov,I/RUS-Cup5 1997}) 10. Kh1 Nh6 11. f3 Qe7 12. Ne2 Bb6
13. b3 f5 14. Qg5 Qf8 15. Bb2 Rg8 16. Nf4 Bd7 17. Bc4 Nf7 18. Qh4 Qd6 19. Bxf7
Rgf8 20. e5 Qd2 21. e6 {1-0 Schmid,W-Haas,C/Zuerich op 1993}) (9. Kh1 Bc4 10.
Qe2 Bxd3 11. cxd3 Qd6 12. Rd1 Bd4 13. Na3 h5 14. Nc2 Bb6 15. Qf3 Nf6 16. Bf4
Qe6 17. Bg5 Ng4 18. Ne3 f6 19. Bf4 g5 20. Bg3 Bxe3 21. fxe3 h4 22. Be1 h3 23.
g3 Ne5 24. Qf1 Nxd3 {0-1 Bjerring,K-Skembris,S/Copenhagen op 1995}) 9... Ne7 (
9... Nh6 10. Qh5 Bd4 11. Nc3 Ng4 12. Nd1 Qg6 13. Qxg6 hxg6 14. h3 Ne5 15. Be2
f6 16. Be3 g5 17. f3 Ng6 18. Bxd4 Rxd4 19. Ne3 Nf4 20. Rfe1 Rhd8 21. Bf1 c5 22.
a3 a5 23. Rad1 R8d6 24. g3 Ng6 25. Kf2 Ne7 26. c3 Rd2+ 27. Rxd2 Rxd2+ 28. Re2
Rd8 29. Re1 Rh8 30. Bc4 Bd7 31. Rh1 Ng6 32. Be2 b6 33. Ba6+ Kd8 34. Rd1 {
Pandavos,P-Georgiev,K/Xanthi 1990/0-1 (66)}) (9... h5 10. e5 Qe7 11. Nd2 Nh6
12. Kh1 Ng4 13. Nf3 Bd5 $15 14. Bf4 f6 15. Rae1 g5 16. Bg3 Kb8 17. h3 h4 18.
Bh2 Bxf3 19. Qxf3 Nxh2 20. Kxh2 fxe5 21. Qe2 Rhf8 22. Be4 Qf6 23. Qf3 Rd2 24.
Qxf6 Rxf6 25. f3 Bf2 26. Rb1 c5 27. Rfd1 Rfd6 28. Rxd2 Rxd2 29. b3 c6 30. Kh1
Kc7 31. Rf1 Kd6 32. Rb1 Kc7 33. Bd3 Kb6 34. a3 {Ehlvest,J-Fernandez Garcia,J/
Pamplona 1991/0-1 (49)}) (9... g5 10. Nc3 h5 11. Be3 Bd6 12. Bc4 g4 13. Rad1
Qh4 14. g3 Qh3 15. Bxe6+ fxe6 16. Rfe1 (16. e5 Be7 17. Rxd8+ Bxd8 18. Rd1 h4
19. Qd2 Ne7 20. Bg5 Nd5 21. Bxd8 hxg3 22. fxg3 Rxd8 23. Ne4 Qh8 24. Nf2 Qxe5
25. c4 Rg8 26. cxd5 cxd5 27. Qd4 Qxd4 28. Rxd4 c5 29. Rxg4 Rf8 30. h4 b6 31. h5
Rh8 32. Rg5 Kd7 33. Rg7+ Kd6 34. g4 a5 35. Rg6 d4 36. h6 c4 37. g5 c3 38. bxc3
dxc3 39. Rg7 c2 40. Nd3 Kc6 41. h7 Rd8 42. Rg8 Rxd3 43. Rc8+ Kd5 44. Rxc2 Rh3
45. Rh2 Rxh7 46. Rxh7 {1-0 Gotsi,A-Bold,S/WchJW-U14 1994}) 16... h4 17. Qf1
hxg3 18. Qxh3 gxf2+ 19. Bxf2 Rxh3 20. e5 Bb4 21. Rxd8+ Kxd8 22. Rd1+ Kc8 23.
Ne2 Rh5 24. Bg3 Ne7 25. Nd4 Bc5 26. Kf1 Bxd4 27. Rxd4 Nf5 28. Rd3 Nxg3+ 29.
hxg3 Rxe5 30. Rd4 Rg5 31. Ke2 Re5+ 32. Kf1 Rg5 33. Ke2 e5 34. Rd3 {Gotsi,
A-Sorokina,A/WchJW-U14 1994/0-1 (54)}) 10. Kh1 (10. Qh5 Bd4 11. Nc3 Ng6 12. Ne2
Bxb2 13. Bxb2 Qxb2 14. f4 Ne7 15. Kh1 f5 16. exf5 g6 17. fxg6 hxg6 18. Qc5 Qf6
19. Ng1 Bd5 20. Qf2 Nf5 21. Rae1 Kb8 22. Bxf5 gxf5 23. Re3 Qd6 24. Nh3 Rdg8 25.
Rg3 Rxg3 26. Qxg3 Qc5 27. Qf2 Qc3 28. Ng5 Re8 29. Rd1 b6 30. Nf3 Bxf3 31. gxf3
Qc4 32. Qd2 Kb7 33. Re1 Rg8 34. a3 Rg6 35. c3 Rd6 36. Qe3 Rd3 37. Qe5 Rxf3 38.
Qe2 Qd5 39. Kg1 Rxc3 40. Qf2 Rf3 41. Qg2 Qd4+ 42. Kh1 Rf2 {0-1 Zagema,W-Van
Gisbergen,S/NLD-chT 1993}) 10... g5 (10... Rhe8 11. Nc3 Qh4 12. Be3 Bxe3 13.
Qxe3 Kb8 14. Rfe1 Bc8 15. Qg3 Qxg3 16. hxg3 Be6 17. Rad1 c5 18. Bb5 c6 19. Be2
Rd4 20. f3 Red8 21. Kg1 Kc7 22. Kf2 b5 23. g4 Ng6 24. Ke3 Ne5 25. b3 h6 26. Nb1
Kb6 27. c3 Rxd1 28. Rxd1 Rxd1 29. Bxd1 c4 30. b4 c5 31. a3 f6 32. Nd2 cxb4 33.
axb4 a5 34. bxa5+ Kxa5 35. f4 {Vilaseco,F-Leyva,R/CUB-ch 1993/0-1 (47)}) 11.
Qh5 h6 12. f4 Qd4 13. Bd2 gxf4 14. Bc3 Qe3 15. Bd2 Qd4 16. Bc3 Qe3 17. Bd2 Qd4
18. Bc3 Qe3 19. Nd2 Bd4 20. Rae1 Bxc3 21. Rxe3 fxe3 22. bxc3 exd2 23. Rd1 Kb8
24. a4 b6 25. Rxd2 a5 26. Rf2 Ng6 27. h3 c5 {1/2-1/2 Bjelajac,M-Agzamov,G/
Vrsac 1983}) 9. Qe2 Nf6 10. Be3 Bxe3 11. Qxe3 Ng4 12. Qg3 h5 13. h3 h4 14. Qf4
g5 15. Qd2 Ne5 16. Qa5 Qd6 17. Be2 b6 18. Qa4 Rg8 19. Rd1 Qc5 (19... Qe7 20.
Qd4 (20. f3)) 20. Qd4 Qxd4 21. Rxd4 g4 22. Bxg4 Bxg4 (22... c5 $5 23. Rd1 (23.
Ra4) 23... Bxg4 24. hxg4 Rxg4 25. Kf1 $1 Rxe4 26. Nc3 Rc4 27. Nb5 (27. Re1 $2
f6 28. Nd5 Kf7) 27... Kf8 $15) 23. hxg4 Rxg4 24. Kh2 (24. Nd2 $142 {Luther})
24... Ke7 (24... Rf4 $1 $17 {Luther} 25. f3 $140 Rxf3) 25. Nd2 (25. Nc3 $2 Rag8
$19 {[%csl Rg2]}) 25... Rag8 26. Rg1 Rf4 27. f3 a5 28. Ra4 c5 $6 {[%csl Rd5]} (
28... Rf6 $15) (28... Rd8 {Luther} 29. Nf1 Rxf3 $5 30. gxf3 Nxf3+ 31. Kg2 Nxg1
32. Kxg1 Rd1 {und das sechste Remis war sehr wahrscheinlich...}) 29. Ra3 Rd8
30. Nf1 $1 Nc4 $2 (30... f5 $1 31. exf5 Nc4 32. Rc3 Nxb2 33. Ne3 $13) 31. Rc3
Rd4 (31... Nxb2 32. Ne3 {[%csl Rb2]} c6 33. Rb1 Na4 34. Ra3 b5 35. c4 $18) 32.
b3 Ne5 33. Ne3 h3 (33... c6 34. Nf5+ Kf6 35. Nxd4 (35. Kh3 Rd8) 35... cxd4 36.
Rc4 $1 (36. Rd3 Nxd3 37. cxd3 Kg5 38. Kh3 Rf6) 36... Nxc4 (36... c5 37. Ra4 Kg5
38. Rd1 $16) 37. bxc4 $16 {[%csl Rb6]}) 34. Nd5+ Rxd5 35. exd5 hxg2 36. Kxg2
$16 Kd6 37. Re3 Rd4 38. Rge1 Ng6 39. c4 Nf4+ 40. Kg3 Nh5+ 41. Kf2 Nf4 42. Kg3
Nh5+ 43. Kf2 Nf4 44. Kf1 c6 45. Re4 $1 (45. dxc6 Ne6 (45... Kxc6 46. Re4))
45... cxd5 46. Rxd4 cxd4 47. cxd5 Kxd5 {[#] Hecht:  Technisches Endspiel mit
starkem Turm, der sehr viel besser die schwarzen Bauern angreifen kann als
diese vom Springer verteidigt werden können.} 48. Re7 f6 49. Ke1 Nd3+ 50. Kd2
Ne5 51. f4 Ng6 52. Rd7+ Ke4 (52... Kc5 {Hecht} 53. f5 Ne5 54. Re7 b5 55. Re6
Ng4 56. Kd3 Nf2+ 57. Ke2 Ng4 58. Kf3 Ne5+ 59. Ke4 Ng4 60. a3 (60. Kf4 d3 61.
Re8 Ne5 62. Ke3 {sollte auch genügen}) 60... a4 61. bxa4 bxa4 62. Ra6 Kb5 63.
Ra7 Ne3 (63... Ne5 64. Rb7+ Kc5 65. Rb4 $18) (63... Nh6 64. Rh7 $18) 64. Rf7
$18) 53. Rd6 b5 54. Rxf6 Nxf4 55. Ra6 b4 56. Rxa5 Nd5 57. Ra8 Nc3 58. Re8+ Kd5
59. Ra8 Ne4+ 60. Kc2 Nc3 61. Kd3 Kc5 62. Ra5+ Kb6 63. Rh5 Nxa2 64. Kxd4 Kc6 65.
Kc4 Kb6 66. Rh2 Nc3 67. Kxb4 1-0

[Event "Cannes Generations"]
[Site "Cannes"]
[Date "1998.??.??"]
[Round "4"]
[White "Ponomariov, Ruslan"]
[Black "Spassky, Boris Vasilievich"]
[Result "1/2-1/2"]
[WhiteElo "2580"]
[BlackElo "2535"]
[Annotator "Mikhalevski,V"]
[PlyCount "115"]
[EventDate "1998.02.21"]
[EventType "schev"]
[EventRounds "8"]
[EventCountry "FRA"]
[SourceTitle "CBM 065"]
[Source "ChessBase"]
[SourceDate "1998.08.06"]
[SourceVersion "1"]
[SourceVersionDate "1998.08.06"]
[SourceQuality "1"]

1. e4 e5 2. Nf3 Nc6 3. d4 exd4 4. Nxd4 Nf6 5. Nxc6 bxc6 6. e5 Qe7 7. Qe2 Nd5 8.
c4 Nb6 9. Nc3 Qe6 (9... Ba6 10. Qe4 Qb4 $6 11. a3 Qb3 12. Bd3 $1 Bxc4 $140 $2
13. Bc2 $1) 10. Qe4 {In this position Black tried all possible moves,but
Spassky's one looks most logical.} Ba6 (10... Bb4 {Blatny,P} 11. Bd2 Ba6 $1 {
Blatny,P} (11... a5 12. f4 d5 (12... Bxc3 {Blatny,P} 13. Bxc3 d5 14. Qc2 dxc4
15. Be2 $14 {^^,קc4,c6,c7}) 13. exd6 cxd6 (13... Bxc3 {Blatny,P} 14. Qxe6+
Bxe6 15. Bxc3 cxd6 16. Rd1 Ke7 17. b3 f6 18. g3 {/\Bg2+/=}) 14. O-O-O Qxe4 15.
Nxe4 d5 16. cxd5 cxd5 17. Bxb4 axb4 (17... dxe4 {Blatny,P} 18. Bc5 $14) 18.
Nd6+ Ke7 19. Nxc8+ Rhxc8+ 20. Kb1 Ra5 (20... Kd6 {Blatny,P} 21. Bd3 h6 22. Rhe1
Re8 $10) 21. Rd4 $1 Nc4 $142 {Blatny,P} (21... b3 $2 22. a3 {1-0 Polgar,
J-Piket,J/Aruba m2 1995 (46)}) 22. Bxc4 Rxc4 $10) 12. b3 (12. c5 $6 Nc4 (12...
Bxf1 13. cxb6 Bc4 (13... Bxg2 $2 14. Qxg2 Qxe5+ 15. Kd1 $16) 14. bxc7 Ba5 15.
f4 $13) 13. Bxc4 Bxc4 14. f4 Bxc3 15. Bxc3 Bxa2 $15) 12... Bxc3 13. Bxc3 d5 {
see the current game.}) (10... g6 11. Bd3 Bg7 12. f4 Ba6 13. c5 Bxd3 14. Qxd3
Nd5 15. O-O Nxc3 16. Qxc3 f6 $13 {0-1 Shadrina,T-Varavin,V/Komercni Banka op
1997 (44)}) (10... Be7 11. Bd3 f6 12. exf6 Qxe4+ 13. Nxe4 gxf6 $14 {1-0 Radu,
E-Ambats,J/WchJW-U20 1993 (37)}) (10... d5 11. exd6 cxd6 12. Bd3 d5 13. cxd5
Nxd5 14. Nxd5 cxd5 15. Qxe6+ Bxe6 16. Bb5+ Kd8 17. O-O Bc5 18. Bg5+ Be7 19. Be3
Bf6 20. Rad1 Rc8 21. b4 $14 {0-1 Liska,J-Kviatkovska,Z/SVK-ch 1995 (69)}) 11.
b3 (11. c5 $5 {could lead to a very interesting position.} Bxf1 12. cxb6 f5 $5
(12... Bxg2 $6 13. Qxg2 (13. b7 $5) 13... Qxe5+ 14. Kf1 $1 (14. Kd1 $5 Qh5+ 15.
f3 axb6 16. Re1+ Kd8 $13) 14... axb6 $140 15. Bg5 $1) 13. Qe3 Bxg2 14. Rg1 Bd5
15. b7 Rd8 16. Qxa7 Qxe5+ 17. Kf1 $13 (17. Be3 $5 $13)) 11... Bb4 12. Bd2 Bxc3
13. Bxc3 d5 {The main idea of the Black's set up.} 14. Qf3 (14. cxd5 {also
doesn't promise a lot.} cxd5 15. Qb4 Bxf1 16. Kxf1 $13 (16. Rxf1 {Blatny} Nd7
17. O-O-O c5 18. Qb7 Nb6)) 14... dxc4 15. Be2 {[%cal Ge2a6] White's idea is to
use his advantage on the king side while two Black's extra pawns on the queen
side are not very useful so far.The pin on the diagonal a6-f1 is also
unplesant,but still I think that Black is not worse.} O-O 16. O-O Rfe8 17. Rfe1
Rad8 18. Bf1 {White is trying to strengthen Ljuboevic's play.} (18. Rac1 c5 19.
Bf1 Nd5 20. bxc4 Nb4 $1 (20... Nxc3 $2 21. Qxc3 Rd4 22. Qa3 $1) 21. Bxb4 (21.
a3 Na2 $1) 21... cxb4 22. Qe3 {1/2-1/2 Ljubojevic,L-Spassky,B/Montreal 1979})
18... c5 19. Rad1 (19. Rac1 {could lead to above mentioned game.}) 19... h6 20.
Ba1 {Opponents has used all useful moves and Spassky decides to go for
concrete play.} Bc8 21. bxc4 Ba6 (21... Nxc4 $5 22. Rxd8 (22. Bd3 Qg4 $1) 22...
Rxd8 23. Qc3 $44 {[%csl Ra7,Rc5,Rc7]}) 22. Bd3 {White is trying to play for
attack.} (22. Qa3 {leads to equal position.} Bxc4 23. Qxc5 $11) 22... Bxc4 23.
Bf5 Qe7 24. Bb1 $5 {[%cal Gf3e4,Gf3f5]} Be6 (24... Rxd1 $5 25. Rxd1 Rd8 {
[%csl Rg1]}) 25. Qe4 g6 26. Qe3 Kh7 27. f4 $6 {[%csl Rh7][%cal Gf4f5]} Bf5 $5 {
[%csl Ra1] Black changes his main enemy.The only drawback of the move is
weakening of the pawn sructure,but from the other hand it blocks king side and
extra pawn can become essential.} (27... Nd5 $6 28. Qf3 {[%cal Gf4f5]}) (27...
Nc4 $1 28. Qe2 (28. Qg3 Rxd1 (28... Nd2 $5 29. Bd3 c4) 29. Rxd1 Rd8 {[%csl Rg1]
}) 28... Qh4 29. g3 Qg4 $1 (29... Qh3 $5)) 28. h3 $6 (28. Bxf5 {looks more
logical.} gxf5 29. Qh3 (29. Rc1 $5)) 28... c4 $5 {[%cal Gf5b1,Gd8d3] Black
takes under control black squares and threatens to change bishops and to take
root on "d3".} (28... Rxd1 29. Rxd1 Rd8 $6 30. Rxd8 Qxd8 31. Bxf5 gxf5 (31...
Qd1+ 32. Kh2 Qxa1 (32... gxf5 $2 33. e6 $1 {[%csl Rh7]}) 33. e6 $1 fxe6 34.
Bxe6 Qd4 $15) 32. e6 fxe6 33. Qe5 Qe7 34. g4 $40) 29. Bxf5 gxf5 30. Kh2 Qe6 31.
Qc5 Rd7 32. Rxd7 Qxd7 33. a4 $1 {[%cal Ga4a5]} a5 $1 {The position is still
very complicated and Black has to play very carefully not to lose all his weak
pawns.} (33... c6 $5 {[%cal Gd7d5]} 34. a5 Qd5 35. Bd4 {[%csl Ra7]} Qxc5 36.
Bxc5 Nd5 {[%csl Rf4]} 37. Bxa7 (37. g3 a6 38. Rc1 f6 $11) 37... Nxf4 (37... Ra8
38. Bb6) 38. Rc1 (38. Rf1 Nd3 39. Rxf5 c3 40. Rxf7+ Kg8 41. Rc7 c2 42. Be3 Rxe5
43. Bxh6 $11) 38... Rxe5 39. Bb8 $1 Re4 40. Bxf4 (40. a6 Nd5 41. a7 Nb6 42. Ra1
Na8 43. Ra6 Re6 44. Ra5 $13 {[%cal Ga5c5]}) 40... Rxf4 41. a6 Re4 42. a7 Re8
43. Rxc4 Ra8 $11) 34. Qxa5 Qxa4 $6 (34... Ra8 $1 35. Qc3 {[%cal Rc3g7,Ge5e6]} (
35. Qc5 Rxa4 36. Rd1 $2 (36. e6 $6 fxe6 37. Rd1 Qf7 (37... Nd5 38. Qf8 Rxa1 39.
Rxa1 Nxf4)) 36... Qxd1 37. e6 {[%cal Gc5f5,Ge6f7]} Qh5 $1) (35. e6 $6 fxe6 36.
Qe5 Nxa4 37. Qf6 {[%cal Ge1d1,Ge1e6]} (37. Qxe6 Qxe6 38. Rxe6 c5 $1 (38... c3
$2 39. Rc6 Nb2 {[%cal Ra8a1]} 40. Rxc7+ Kg6 41. Bxb2 cxb2 42. Rb7 $11) 39. Re7+
Kg8 40. Rg7+ Kf8 41. Rh7 Ra6 {[%cal Gc4c3]}) 37... Nc5 $1 38. Rd1 Nd3) 35...
Qd3 (35... Nd5 36. Rd1 $1) 36. e6 $1 Qxc3 37. Bxc3 fxe6 38. Rxe6 Nxa4 $1 (38...
Nd5 39. Be5 Rxa4 40. Rc6 $11) 39. Re7+ Kg8 40. Bg7 c5 $1 (40... h5 41. Rxc7)
41. Bxh6 (41. Rc7 $5 c3 42. Bxc3 Nxc3 43. Rxc5) 41... c3 42. Re1 Rd8 {and
Black pass pawns are very dangerous.}) 35. Qd2 (35. Qxa4 $5 Nxa4 36. Rc1 Nb6
37. Bd4 Rc8 $1 38. Bc5 $1 {[%cal Gh2g3,Gg3f3,Gf3e3,Ge3d4,Gg2g4]}) 35... Qc6 (
35... Qd7 36. Qe2 $5 (36. Qxd7 Nxd7 37. Rc1 Ra8 {[%cal Ga8a4]})) 36. Qc2 {
[%csl Rf5][%cal Gc2h7]} Qg6 37. g4 fxg4 38. Qxg6+ Kxg6 39. hxg4 h5 $1 40. Kg3 (
40. gxh5+ $5 Kxh5 (40... Kf5 41. Kg3) 41. f5 (41. Rg1 Nd5 42. Rg7 (42. f5 c3)
42... c3 43. Rxf7 c2 (43... Kg4 44. Bxc3) 44. Bb2 Rb8 $17) 41... Kg4 42. e6 f6
$3 43. Bxf6 (43. Rf1 Nd5) 43... Kxf5 44. Rf1+ Kxe6 45. Re1+ Kf7 46. Rxe8 Kxe8
47. Kg3 Nd5 48. Bg5 $1 (48. Bd4 c3 49. Kf2 c2 50. Bb2 Nc3 51. Ke1 Na2 52. Kd2
c1=R 53. Bxc1 Nxc1 54. Kxc1 Kd7 $19) 48... c3 49. Kf3 {and White has chances
to escape.}) 40... hxg4 41. Kxg4 f5+ 42. Kf3 Kf7 43. Bd4 $1 Rd8 $1 (43... Ke6
44. Bxb6 $1 cxb6 45. Rd1 Rb8 $1 (45... Rc8 46. Rd6+ Ke7 47. Rxb6 c3 48. Rb1 $11
) 46. Rd6+ Ke7 47. Rc6 $1 (47. Ke3 b5 48. Kd4 Rd8 49. Rxd8 Kxd8 50. Kc3 Kd7 51.
Kd4 Kc6 52. Kc3 Kc5 53. Kd2 b4 54. Kc2 c3 $1 (54... b3+ 55. Kc3 Kb5 56. Kb2 Kb4
57. e6 c3+ 58. Kb1 Ka3 59. e7 c2+ 60. Kc1 Ka2 61. e8=Q b2+ 62. Kxc2 b1=Q+ $11)
55. Kb3 Kd5 56. Kc2 Kc4 57. e6 b3+ 58. Kc1 Kd3 59. e7 b2+ 60. Kb1 Kd2 61. e8=Q
c2+ 62. Kxb2 c1=Q+ 63. Kb3 Qc3+ 64. Ka4 Qc4+ $17) 47... b5 48. Rc5 $11 {
and Black hasn't got winning plan.}) 44. e6+ Ke8 45. Bf6 Rd6 (45... Rd3+ $5 46.
Kf2 (46. Re3 $4 Rxe3+ 47. Kxe3 Nd5+) 46... Nd5 47. Bg5 Nc3 {[%cal Gc3e4]}) 46.
Bg5 c3 47. e7 Nd5 48. Re2 $2 (48. Rh1 $1 Nxe7 49. Re1 Rd3+ 50. Kf2 Rd7 51. Re5
c2 52. Bxe7 Rxe7 53. Rc5 $11) (48. Re5 c2 49. Rxf5 Nxe7 (49... Rf6 50. Rxf6 (
50. Rxd5 $2 c1=Q 51. Bxf6 Qh1+) 50... Nxf6 51. f5 $11) 50. Rc5 Rc6 51. Rxc6
Nxc6 52. f5 Nb4 53. Ke4 (53. Ke2 Na2 54. Kd3 c1=Q 55. Bxc1 Nxc1+ 56. Kc4) 53...
Kd7 $1 54. f6 Ke6 55. Kd4 Na2 56. Kc5 Kf5 57. Bh6 Kxf6 $15) 48... Nb4 $1 $19 (
48... Rc6 49. Re5 $1 (49. Rc2 Rc4 50. Rh2 Nxe7 51. Re2 c2 (51... Re4 52. Rxe4
fxe4+ 53. Kxe4 c2 54. f5) 52. Bxe7 Rc3+ (52... Rxf4+ $2 53. Kg3 Re4 54. Rxe4
fxe4 55. Ba3 $11) 53. Kg2 (53. Kf2 c1=N $1 54. Re6 Kd7 $19) 53... c1=N 54. Re5
$8 Nd3 55. Bb4+ Nxe5 56. Bxc3 Ng6 $19 {[%cal Ge8e7,Ge7e6,Ge6d5]}) (49. Rh2 Nxe7
50. Re2 c2 {see49.Rc2}) 49... Nf6 50. Bxf6 c2 51. Rd5 Rxf6 52. Rc5 c6 53. Rxc2
Kxe7 54. Rc5 {see48...Nf6}) (48... Nf6 49. Re5 $1 Rc6 (49... Ne4 50. Rxf5 Nxg5+
51. Rxg5 Rc6 52. Rg1 $11) 50. Bxf6 c2 51. Rd5 Rxf6 52. Rc5 c6 53. Rxc2 Kxe7 54.
Rc5 Kd6 55. Re5 c5 56. Kf2 Kc6 57. Ke3 Kb5 58. Kd3 Kb4 59. Rd5 $11) (48... c5
49. Re5 c4 (49... c2 50. Rxf5 Rf6 51. Rxf6 Nxf6 52. f5 $11) 50. Rxf5 Nxe7 51.
Re5 (51. Bxe7 c2 $1 (51... Rd3+ 52. Ke2 (52. Kg4 Kxe7 $17) 52... Kxe7 $17) 52.
Bxd6 c1=Q $17) 51... c2 (51... Rd7 52. Bxe7 Rxe7 53. Rc5 $11) 52. f5 Rf6 $1 53.
Ke2 $11) 49. Re5 $1 {The best chance.} (49. Rh2 $4 Rd3+ 50. Kf2 Rd2+) (49. Re1
c2 50. Rh1 Re6 $19) 49... Rd3+ $1 50. Ke2 (50. Kf2 Rd5 $1 51. Re6 Rd6 $1 52.
Re5 $140 Nd3+ {[%cal Rd3f2,Rd3e5]}) 50... Rd2+ (50... Rd5 $1 51. Rxd5 (51. Re6
Rd2+ $1 (51... Rd6 52. Re5 c2 $2 (52... Rd5) 53. Rxf5 Re6+ 54. Kd2 Re1 55. Rf8+
Kd7 56. Rd8+ Kc6 57. e8=Q+ $18) 52. Kf3 Rd1 $3 $19) 51... Nxd5 52. Kd3 Kd7 53.
Kc2 c6 54. Kb3 c5 $19) 51. Kf3 Rd5 $2 (51... Rd3+ $1 52. Ke2 Rd5 $1 {see
previous comment.}) 52. Re6 $2 (52. Re1 $1 Rd3+ 53. Ke2 Rd2+ (53... Rd4 54. Rh1
Kd7 55. Rh8 Re4+ 56. Kd1 c2+ 57. Kd2 Rd4+ 58. Ke2 Re4+ $11) 54. Kf3 Nd5 55. Rh1
Nxe7 56. Re1 $11 {see above}) 52... Rd6 (52... Rd3+ 53. Ke2 $1 (53. Kf2 c2 54.
Rh6 Re3 $1 55. Rh1 Re4 $19) 53... Rd2+ $1 (53... c2 $2 54. Rh6 Re3+ 55. Kd2)
54. Kf3 Rd1 $3 {see52...Rd1}) (52... Rd1 $3 53. Rh6 Re1 $1 54. Rh8+ Kd7 55.
Rd8+ (55. Bh4 Rxe7 $1 56. Bxe7 c2 $1 57. Rh1 Kxe7 58. Rc1 (58. Ke3 Na2 59. Kd2
c1=R 60. Rxc1 Nxc1 61. Kxc1 $19) 58... Nd3 59. Rxc2 Ne1+) 55... Kc6 56. e8=Q+ (
56. Bh4 Rxe7 $1 57. Bxe7 c2) 56... Rxe8 57. Rxe8 c2 58. Re1 Nd3 $19) 53. Re5 (
53. Re1 c2 54. Rh1 Re6 $19) 53... c2 $2 (53... Rd3+ $1 54. Ke2 Rd5 $1 55. Re6
Rd2+ $1 56. Kf3 Rd1 $3 $19 {see previous comments.}) 54. Rxf5 $11 Re6 55. Rf8+
(55. Rc5 $2 Nd3) 55... Kd7 56. Rd8+ Kc6 57. f5 Rxe7 58. Rd4 $1 (58. Rd4 Re5 59.
Rxb4 Rxf5+ 60. Ke2 Rxg5 61. Kd2 $11) 1/2-1/2